| 000 | 01043nam a22003257a 4500 | ||
|---|---|---|---|
| 001 | 200461534 | ||
| 003 | TR-AnTOB | ||
| 005 | 20241119104739.0 | ||
| 008 | 240704b tu ||||| |||| 00| 0 tur d | ||
| 020 | _a9786257070041 | ||
| 040 |
_aTR-AnTOB _beng _erda _cTR-AnTOB |
||
| 041 | _atur | ||
| 092 |
_a372.412 _bWİL 2022 |
||
| 100 | 1 |
_aWillow, Marnie _9146119 |
|
| 245 |
_aYağmur ormanı kaşifleri / _c Marnie Willow ; çev.: Erkal Ünal ; ed.: Elif Dinçer |
||
| 250 | _a4. bs. | ||
| 260 |
_aİstanbul : _bTürkiye İş Bankası Kültür ; _c2022.0 |
||
| 300 |
_a22 cm. _bill. ; _c25 cm. |
||
| 336 |
_atext _btxt _2rdacontent |
||
| 337 |
_aunmediated _bn _2rdamedia |
||
| 338 |
_avolume _bnc _2rdacarrier |
||
| 490 |
_aTürkiye İş Bankası Kültür yayınları : _v4750 |
||
| 500 | _aEserin orjinal adı : Rainforest Explorers | ||
| 653 | _aYağmur ormanları | ||
| 700 |
_aÜnal, Erkal _etranslator _9102266 |
||
| 700 | 1 |
_aDinçer, Elif _9146120 |
|
| 942 |
_2ddc _cBK |
||
| 999 |
_c200461534 _d79746 |
||